Historia de la energía nuclear

Guardado en:
Detalles Bibliográficos
Formato: Libro
Lenguaje:español
Publicado: Madrid Alianza 1985
Colección:El libro de bolsillo. Ciencia y técnica, 1083
Materias:
Etiquetas: Agregar Etiqueta
Sin Etiquetas, Sea el primero en etiquetar este registro!

MARC

LEADER 00000nam a2200000 a 4500
001 UCW8007
003 CL-VaPUC
008 871217e19850000SP |||||||||||||||||spa|d
082 0 4 |a 539  |b ASI  |2 21 
245 1 0 |a Historia de la energía nuclear 
300 |a 175 p 
942 |c BK 
945 |d 19871217 00:00:00 
260 |a Madrid  |b Alianza  |c 1985 
650 7 |a ENERGIA NUCLEAR HISTORIA  |2 CL-VaPUC  |9 313119 
583 |a last modification  |c 19871217 00:00:00  |k Rodrigo Vera 
490 0 |a El libro de bolsillo. Ciencia y técnica, 1083 
999 |c 220524  |d 220522 
952 |0 0  |1 0  |4 0  |6 539_000000000000000_ASI_1985  |7 0  |8 A  |9 212870  |a BIBEDU  |b BIBEDU  |d 2019-11-15  |i 1996363  |o 539 ASI 1985  |p 1996363  |r 2019-11-15  |w 2019-11-15  |y BK  |k LIT 
952 |0 0  |1 0  |4 0  |6 539_000000000000000_ASI_1985  |7 0  |8 A  |9 212871  |a BIBCUR  |b BIBCUR  |d 2019-11-15  |i 2811723  |l 3  |o 539 ASI 1985  |p 2811723  |r 2025-04-22  |s 2024-03-12  |w 2019-11-15  |y BK  |k FIS